000 00489nam a2200181Ia 4500
008 230711s9999||||xx |||||||||||||| ||und||
020 _a978-0-07-043555-1
041 _aENG
082 _a658.562015
_bGR-S
100 _aGrant,Eugene L
245 0 _aStatistical quality control
250 _a7th Ed.
260 _c2016
_aNew Delhi
_bMcGraw Hill Education(India) Private Limited
300 _a764p.
650 _aMechanical Engineering
700 _aLeavenworth, Richard S
942 _cBK
999 _c5889
_d5889